000
00221nam a2200097 a 4500
005
20200930070105.0
008
110822s2004 000 spa d
245
0
_a
Cuentos para ella.
260
_c
[s.f.].
999
_c
32685
_d
32685
040
_a
DO-SdBNP